Statistics for Udinese Squad 2018-2019

Click here to take the quiz!

General Stats

  • This quiz has been taken 21 times
  • The average score is 17 of 30

Answer Stats

RuoloGiocatoreNazionalità% Correct
STKevin LasagnaItaly
93%
GKSimone ScuffetItaly
93%
RBJens Stryger LarsenDenmark
87%
GKJuan MussoArgentina
80%
RWRodrigo de PaulArgentina
80%
CBWilliam Troost-EkongNigeria
80%
RWIgnacio PussettoArgentina
73%
STLukasz TeodorczykPoland
73%
CMSeko FofanaIvory Coast
73%
CMValon BehramiSwitzerland
73%
CMAntonin BarakCzech Rep
67%
CBBram NuytinckNetherlands
67%
CMEmmanuel BaduGhana
67%
CMRolando MandragoraItaly
67%
RBHidde ter AvestNetherlands
60%
CBSamirBrazil
60%
CMAndrija BalićCroatia
53%
CBNicholas OpokuGhana
47%
GKNícolasBrazil
47%
LWDarwin MachísVenezuela
40%
LBGiuseppe PezzellaItaly
40%
CBMolla WaguéMali
40%
RWMarco D'AlessandroItaly
33%
CMPanagiotis KoneGreece
33%
CMSimone PontissoItaly
33%
STFelipe VizeuBrazil
27%
CMMamadou CoulibalySenegal
27%
RWPetar MicinSerbia
27%
RWSvante IngelssonSweden
27%
CMGaspar ÍñiguezArgentina
13%

Score Distribution

Percentile by Number Answered

Percent of People with Each Score

Your Score History

You have not taken this quiz